A Textbook on Power System Engineering (Record no. 4084)

MARC details
000 -LEADER
fixed length control field 00404nam a2200157Ia 4500
008 - FIXED-LENGTH DATA ELEMENTS--GENERAL INFORMATION
fixed length control field 221030s9999 xx 000 0 und d
041 ## - LANGUAGE CODE
Language code of text/sound track or separate title
082 ## - DEWEY DECIMAL CLASSIFICATION NUMBER
Classification number 105.23
100 ## - MAIN ENTRY--AUTHOR NAME
Personal name A. Chakrabarti
245 #2 - TITLE STATEMENT
Title A Textbook on Power System Engineering
Statement of responsibility, etc by A. Chakrabarti, M. L. Soni
260 ## - PUBLICATION, DISTRIBUTION, ETC. (IMPRINT)
Name of publisher Dhanpat Rai Pub
Place of publication Delhi
Year of publication 2006
300 ## - PHYSICAL DESCRIPTION
Number of Pages 1015
650 ## - SUBJECT ADDED ENTRY--TOPICAL TERM
Topical Term BB EE
700 ## - ADDED ENTRY--PERSONAL NAME
Personal name M. L. Soni
942 ## - ADDED ENTRY ELEMENTS (KOHA)
Koha item type Books
Holdings
Accession Number Cost, normal purchase price Full call number Price effective from Koha item type Withdrawn / writtenoff status Materials specified (bound volume or other part) Damaged status Not for loan Permanent Location Current Location Shelving location Date acquired Lost/ Missing status department
BB 286 285.00 105.23 10/30/2022 Books   Print     MIET Library, Jammu MIET Library, Jammu BL-Second, FL-1, CUP-102, SH-4, R-4 05/05/2007   BB
BB 287   105.23 10/30/2022 Books   Print     MIET Library, Jammu MIET Library, Jammu BL-Second, FL-1, CUP-102, SH-4, R-4 05/05/2007   BB
BB 288   105.23 10/30/2022 Books   Print     MIET Library, Jammu MIET Library, Jammu BL-Second, FL-1, CUP-102, SH-4, R-4 05/05/2007   BB
BB 289   105.23 10/30/2022 Books   Print     MIET Library, Jammu MIET Library, Jammu BL-Second, FL-1, CUP-102, SH-4, R-4 05/05/2007   BB
BB 290   105.23 10/30/2022 Books   Print     MIET Library, Jammu MIET Library, Jammu BL-Second, FL-1, CUP-102, SH-4, R-4 05/05/2007   BB
BB 291   105.23 10/30/2022 Books   Print     MIET Library, Jammu MIET Library, Jammu BL-Second, FL-1, CUP-102, SH-4, R-4 05/05/2007   BB
BB 292   105.23 10/30/2022 Books   Print     MIET Library, Jammu MIET Library, Jammu BL-Second, FL-1, CUP-102, SH-4, R-4 05/05/2007   BB
BB 293 285.00 105.23 10/30/2022 Books   Print     MIET Library, Jammu MIET Library, Jammu BL-Second, FL-1, CUP-102, SH-4, R-4 05/05/2007   BB
BB 294   105.23 10/30/2022 Books   Print     MIET Library, Jammu MIET Library, Jammu BL-Second, FL-1, CUP-102, SH-4, R-4 05/05/2007   BB
BB 295 285.00 105.23 10/30/2022 Books   Print     MIET Library, Jammu MIET Library, Jammu BL-Second, FL-1, CUP-102, SH-4, R-4 05/05/2007   BB
BB 296   105.23 10/30/2022 Books   Print     MIET Library, Jammu MIET Library, Jammu BL-Second, FL-1, CUP-102, SH-4, R-4 05/05/2007   BB